| 000 | 01340nam a2200361 i 4500 | ||
|---|---|---|---|
| 001 | 000017021 | ||
| 003 | DO-SdBNP | ||
| 005 | 20240503073630.0 | ||
| 007 | ta | ||
| 008 | 830825s1992 sp a 000 f spa d | ||
| 020 | _a8477589550 | ||
| 040 |
_aDO-SdBNP _bspa _cBNPHU _erda |
||
| 049 | _aBNGR | ||
| 082 | 4 |
_a863.3 _bC419don _222 |
|
| 100 | 1 |
_aCervantes Saavedra, Miguel de, _d1547-1616 _93070 |
|
| 240 | 1 | 0 | _aDon Quijote de la Mancha. |
| 245 | 1 | 3 |
_aEl ingenioso hidalgo don Quijote de la Mancha / _cMiguel de Cervantes Saavedra ; edición Justo García Soriano y Justo García Morales. |
| 264 |
_aMadrid : _bClub Internacional del libro, _c1992. |
||
| 300 |
_a2 volumen : _bilustraciones ; _c37 cm. |
||
| 336 |
_2rdacontent _atexto _btxt |
||
| 337 |
_2rdamedia _asin mediación _bn |
||
| 338 |
_2rdacarrier _avolumen _bnc |
||
| 500 | _aLa biblioteca posee los tomo 1 y 2. | ||
| 500 | _aIncluye notas al pie de las páginas y portadas de ediciones anteriores en varios idiomas. | ||
| 500 | _aIncluye grabados de Gustavo Doré. | ||
| 504 | _aBibliografía : v.1, p. 143-169 | ||
| 650 | 4 |
_aNovela española _91123 |
|
| 650 | 4 |
_aLiteratura española _9632 |
|
| 700 | 1 |
_aGarcía Soriano, Justo, _eedición _936196 |
|
| 700 | 1 |
_aGarcía Morales, Justo, _cedicción _937574 |
|
| 910 | _aCatalogación por copia WM | ||
| 942 |
_2ddc _cLBS1 |
||
| 999 |
_c16548 _d16548 |
||